[Event "4NCL Online Division 3"]
[Site "online"]
[Date "2021.03.23"]
[EventDate "2021.03.23"]
[Round "5.71"]
[White "Tarling, Ray"]
[WhiteElo "1944"]
[WhiteTeam "Guildford Gatekeepers"]
[Black "Sandhu, Manvith"]
[BlackElo "1991"]
[BlackTeam "Warwickshire Bears A"]
[Result "1/2-1/2"]
[PlyCount "46"]

1. e4 Nc6 2. d4 d5 3. exd5 Qxd5 4. Nf3 e5 5. Nc3 Bb4 6. Bd2 Bxc3 7. Bxc3 e4 8. Ne5 Nxe5 9. dxe5 Ne7 10. Qe2 O-O 11. Rd1 Qxa2 12. Bb4 Re8 13. Bxe7 Qxb2 14. Bh4 Qxe5 15. Bg3 Qc5 16. Qc4 Qa5+ 17. c3 Bg4 18. Be2 Bxe2 19. Kxe2 Qh5+ 20. Ke3 Qh6+ 21. Ke2 Qh5+ 22. Ke3 Qh6+ 23. Ke2 Qh5+ 1/2-1/2

[Event "4NCL Online Division 3"]
[Site "online"]
[Date "2021.03.23"]
[EventDate "2021.03.23"]
[Round "5.72"]
[White "Dicen, Elis Denele"]
[WhiteElo "1726"]
[WhiteTeam "Warwickshire Bears A"]
[Black "Merriman, Rob"]
[BlackElo "1761"]
[BlackTeam "Guildford Gatekeepers"]
[Result "0-1"]
[PlyCount "148"]

1. d4 e6 2. c3 c5 3. Nf3 Nf6 4. Bg5 h6 5. Bh4 d5 6. Nbd2 cxd4 7. cxd4 Be7 8. e3 O-O 9. Bd3 Bd7 10. O-O Qb6 11. Rb1 Bb5 12. Qe2 Bxd3 13. Qxd3 Nc6 14. a3 Nd7 15. Bxe7 Nxe7 16. b4 Rac8 17. Nb3 Qd6 18. Rfc1 Nf6 19. Ne5 Nc6 20. Nxc6 Rxc6 21. Rxc6 Qxc6 22. Rc1 Qd7 23. Nc5 Rc8 24. Qf1 Qc7 25. f3 b6 26. Nb3 Qd7 27. Rxc8+ Qxc8 28. Qd3 Qc4 29. Qxc4 dxc4 30. Na1 b5 31. Nc2 Nd5 32. Kf2 f5 33. g3 Kf7 34. e4 Nc3 35. exf5 exf5 36. Ke1 Ke6 37. Kd2 Nd5 38. Ke2 g5 39. h3 h5 40. Kd2 g4 41. fxg4 fxg4 42. hxg4 hxg4 43. Ke2 Kf5 44. Kd2 Ke4 45. Ke2 a6 46. Kd2 Kf3 47. a4 Kxg3 48. axb5 axb5 49. Ke2 Kh2 50. Ne1 Nxb4 51. Kf1 Nd5 52. Ke2 b4 53. Kd2 g3 54. Nf3+ Kg2 55. Nh4+ Kf2 56. Kc2 g2 57. Nxg2 Kxg2 58. Kb2 Kf3 59. Ka2 Ke4 60. Kb2 Kxd4 61. Ka2 Kd3 62. Kb1 Kd2 63. Ka1 c3 64. Ka2 c2 65. Kb3 c1=Q 66. Ka4 Kc3 67. Kb5 b3 68. Kc6 b2 69. Kxd5 b1=Q 70. Ke5 Qb4 71. Kf6 Qe3 72. Kg6 Qbf4 73. Kh7 Qeg3 74. Kh8 Qfh4# 0-1

[Event "4NCL Online Division 3"]
[Site "online"]
[Date "2021.03.23"]
[EventDate "2021.03.23"]
[Round "5.73"]
[White "Tarling, Adam"]
[WhiteElo "1670"]
[WhiteTeam "Guildford Gatekeepers"]
[Black "Chen, Daniel Xingyu"]
[BlackElo "1763"]
[BlackTeam "Warwickshire Bears A"]
[Result "1/2-1/2"]
[PlyCount "127"]

1. e4 c5 2. c3 d5 3. exd5 Qxd5 4. d4 Nc6 5. Nf3 Bg4 6. Be2 cxd4 7. h3 Bxf3 8. gxf3 Nf6 9. cxd4 Qxd4 10. Nc3 Qxd1+ 11. Bxd1 e6 12. Bd2 Bc5 13. Be3 Bxe3 14. fxe3 O-O 15. O-O Rfd8 16. Rf2 Ne5 17. Bb3 Rd3 18. f4 Nc6 19. Re2 Rad8 20. Rd1 Rxd1+ 21. Bxd1 Ne4 22. Nxe4 Rxd1+ 23. Kf2 Kf8 24. a3 Ke7 25. Rc2 h6 26. Nc3 Rd7 27. Ne4 Rc7 28. b4 f5 29. Nd2 b5 30. Nb3 Rc8 31. Nd4 Kd7 32. Nxb5 a6 33. Nd4 Nxd4 34. Rxc8 Kxc8 35. exd4 Kc7 36. Ke3 Kc6 37. Kd3 Kb5 38. h4 Ka4 39. Kc4 Kxa3 40. b5 axb5+ 41. Kxb5 Kb3 42. Kc5 Kc3 43. d5 exd5 44. Kxd5 Kd3 45. Ke5 g6 46. Kf6 Ke4 47. Kxg6 Kxf4 48. Kxh6 Kg4 49. Kg6 f4 50. h5 f3 51. h6 f2 52. h7 f1=Q 53. h8=Q Qa6+ 54. Kf7 Qb7+ 55. Ke6 Qb3+ 56. Kd7 Qf7+ 57. Kc6 Qe6+ 58. Kc5 Qf5+ 59. Kd4 Qf4+ 60. Kd5 Qg5+ 61. Qe5 Qd8+ 62. Qd6 Qa8+ 63. Qc6 Qxc6+ 64. Kxc6 1/2-1/2

[Event "4NCL Online Division 3"]
[Site "online"]
[Date "2021.03.23"]
[EventDate "2021.03.23"]
[Round "5.74"]
[White "Vora, Simran"]
[WhiteElo "1800"]
[WhiteTeam "Warwickshire Bears A"]
[Black "Kammin, Samuel"]
[BlackElo "1742"]
[BlackTeam "Guildford Gatekeepers"]
[Result "1-0"]
[PlyCount "181"]

1. e4 c5 2. Nf3 e6 3. Nc3 a6 4. d4 cxd4 5. Nxd4 Nc6 6. Nxc6 bxc6 7. Bd3 d5 8. e5 Ne7 9. O-O Qc7 10. Re1 c5 11. Be3 d4 12. Ne4 Qxe5 13. Bg5 Qc7 14. c4 Ng6 15. h4 h6 16. Bd2 Nxh4 17. b4 cxb4 18. c5 Be7 19. Qg4 Nf5 20. Nd6+ Nxd6 21. cxd6 Qxd6 22. Qxg7 Rf8 23. Qxh6 Bb7 24. Bf4 Qd7 25. Rac1 Rc8 26. Rxc8+ Qxc8 27. Rc1 Qd8 28. Rc7 Qd5 29. f3 e5 30. Be4 Qd6 31. Rxb7 exf4 32. Qxd6 Bxd6 33. Bc6+ Kd8 34. Rd7+ Kc8 35. Rxd6 Kc7 36. Rf6 d3 37. Kf1 b3 38. axb3 d2 39. Ke2 Rd8 40. Kd1 a5 41. Ba4 Rd4 42. Rxf7+ Kb6 43. Rd7 Rb4 44. Rd6+ Kc5 45. Rxd2 Rb8 46. Rc2+ Kd4 47. Rd2+ Kc5 48. Kc2 Rg8 49. Kc3 Rg7 50. Re2 Rg8 51. Re5+ Kb6 52. b4 axb4+ 53. Kxb4 Rxg2 54. Rf5 Rb2+ 55. Kc4 Ra2 56. Be8 Rc2+ 57. Kb4 Rb2+ 58. Kc4 Rc2+ 59. Kd3 Rc8 60. Bh5 Rh8 61. Bg4 Kc6 62. Rxf4 Rd8+ 63. Rd4 Rf8 64. Bd7+ Kc5 65. Bg4 Rg8 66. Ke4 Re8+ 67. Kd3 Re1 68. Rc4+ Kd5 69. f4 Rg1 70. Be2 Rg3+ 71. Kd2 Ke6 72. Re4+ Kf5 73. Rb4 Rg2 74. Ke3 Rg3+ 75. Kd2 Ra3 76. Bd3+ Kf6 77. f5 Ra2+ 78. Ke3 Ra3 79. Rb6+ Kf7 80. f6 Rc3 81. Ke4 Rc1 82. Kf5 Rc5+ 83. Kf4 Rc1 84. Be4 Rf1+ 85. Ke5 Re1 86. Rb7+ Kf8 87. Re7 Ra1 88. Ke6 Ra6+ 89. Kf5 Ra1 90. Rc7 Rf1+ 91. Ke6 1-0

[Event "4NCL Online Division 3"]
[Site "online"]
[Date "2021.03.23"]
[EventDate "2021.03.23"]
[Round "5.81"]
[White "Rooney, Steve"]
[WhiteElo "1864"]
[WhiteTeam "Shropshire 3"]
[Black "Jenkins, John"]
[BlackElo "2061"]
[BlackTeam "Stroud Oldies"]
[Result "0-1"]
[PlyCount "70"]

1. d4 Nf6 2. Nf3 g6 3. g3 Bg7 4. Bg2 O-O 5. c4 d6 6. O-O Nc6 7. Nc3 a6 8. Re1 Rb8 9. e3 b5 10. cxb5 axb5 11. a3 Bg4 12. h3 Bd7 13. e4 Na5 14. e5 Ne8 15. Bf4 h6 16. Qe2 e6 17. Ne4 Bc6 18. Rad1 Bd5 19. Ned2 Kh7 20. h4 b4 21. g4 bxa3 22. bxa3 Rb2 23. Qa6 Nc6 24. Rb1 Ra2 25. Red1 Nxd4 26. Nxd4 dxe5 27. Bxd5 Qxd5 28. Qc4 exf4 29. Qxd5 exd5 30. Nc6 Nf6 31. Rb3 Nxg4 32. Nb4 Rb2 33. Nxd5 Rxb3 34. Nxb3 Rd8 35. Nf6+ Bxf6 0-1

[Event "4NCL Online Division 3"]
[Site "online"]
[Date "2021.03.23"]
[EventDate "2021.03.23"]
[Round "5.82"]
[White "Brown, Graham K"]
[WhiteElo "1723"]
[WhiteTeam "Stroud Oldies"]
[Black "Kolbusz, George"]
[BlackElo "1859"]
[BlackTeam "Shropshire 3"]
[Result "0-1"]
[PlyCount "104"]

1. h3 g6 2. d4 Bg7 3. Nf3 d6 4. Nc3 Nd7 5. e4 c6 6. Be2 e5 7. O-O Ne7 8. Be3 Qc7 9. dxe5 dxe5 10. Bc4 O-O 11. Nh2 b5 12. Bb3 a5 13. a4 b4 14. Ne2 Ba6 15. Re1 Nf6 16. Ng3 Rad8 17. Qf3 c5 18. Bg5 Ne8 19. Bxe7 Qxe7 20. Bd5 Nd6 21. b3 c4 22. Red1 c3 23. Nhf1 Kh8 24. Qe3 Qc7 25. f3 Bf6 26. f4 Nb7 27. f5 Be7 28. Kh1 g5 29. Qf3 f6 30. Ne3 Nd6 31. Be6 Bb7 32. Nd5 Bxd5 33. Rxd5 Nb7 34. Rad1 Rxd5 35. Rxd5 Rd8 36. Rxd8+ Nxd8 37. Bd5 Nc6 38. Ne2 Nd4 39. Nxd4 exd4 40. Bc4 Qe5 41. Qh5 Bd6 42. Kg1 Qh2+ 43. Kf1 Qf4+ 44. Qf3 Qc1+ 45. Kf2 Qxc2+ 46. Kg1 Qc1+ 47. Bf1 c2 48. Qh5 Qe3+ 49. Kh1 Qxe4 50. Qf7 Qe7 51. Qc4 Qc7 52. Qe6 Be7 0-1

[Event "4NCL Online Division 3"]
[Site "online"]
[Date "2021.03.23"]
[EventDate "2021.03.23"]
[Round "5.83"]
[White "Clark, Matthew D H"]
[WhiteElo "1833"]
[WhiteTeam "Shropshire 3"]
[Black "Walker, Adrian"]
[BlackElo "1741"]
[BlackTeam "Stroud Oldies"]
[Result "0-1"]
[PlyCount "60"]

1. e4 d6 2. d4 Nf6 3. Nc3 Nbd7 4. f4 e5 5. Nf3 exd4 6. Qxd4 c6 7. Bc4 d5 8. exd5 Bc5 9. Qd3 O-O 10. dxc6 Re8+ 11. Ne2 bxc6 12. Bd2 Ne4 13. Rf1 Nxd2 14. Nxd2 Re3 15. Qf5 Qe7 16. O-O-O Nb6 17. Bxf7+ Qxf7 18. Qxc5 Rxe2 19. Ne4 Bf5 20. Rfe1 Rxe4 21. Rxe4 Bxe4 22. Qd4 Re8 23. g3 Qxa2 24. Re1 Qa1+ 25. Kd2 Qa5+ 26. c3 Qf5 27. c4 Na4 28. Qxa7 Rd8+ 29. Kc1 Nc5 30. Qc7 Nb3# 0-1

[Event "4NCL Online Division 3"]
[Site "online"]
[Date "2021.03.23"]
[EventDate "2021.03.23"]
[Round "5.84"]
[White "Haynes, Chris R"]
[WhiteElo "1753"]
[WhiteTeam "Stroud Oldies"]
[Black "Pico Ruiz, Javier"]
[BlackElo "1800"]
[BlackTeam "Shropshire 3"]
[Result "1/2-1/2"]
[PlyCount "66"]

1. e4 c5 2. f4 d6 3. Bb5+ Bd7 4. Bxd7+ Nxd7 5. Nf3 Ngf6 6. Nc3 e6 7. d3 Be7 8. O-O O-O 9. b3 h6 10. Bb2 a6 11. Qe2 Qc7 12. h3 b5 13. Qf2 b4 14. Ne2 d5 15. e5 Nh7 16. Rad1 d4 17. Nd2 f6 18. exf6 Nhxf6 19. Nc4 Nh5 20. Bc1 Nb6 21. Qf3 Nxc4 22. Qxh5 Ne3 23. Bxe3 dxe3 24. Qf3 Bf6 25. Qxe3 Kh8 26. Kh1 Rae8 27. Ng3 Bd4 28. Qe4 a5 29. Rde1 a4 30. Ne2 a3 31. Nxd4 cxd4 32. Qxd4 Qxc2 33. Rf2 e5 1/2-1/2

[Event "4NCL Online Division 3"]
[Site "online"]
[Date "2021.03.23"]
[EventDate "2021.03.23"]
[Round "5.91"]
[White "Chaplin, Peter E"]
[WhiteElo "2041"]
[WhiteTeam "Clevedon"]
[Black "Brown, Alan M"]
[BlackElo "2039"]
[BlackTeam "MK Phoenix 2"]
[Result "1/2-1/2"]
[PlyCount "41"]

1. b3 e5 2. Bb2 d6 3. e3 Nf6 4. d4 exd4 5. Qxd4 Nc6 6. Bb5 Bd7 7. Bxc6 Bxc6 8. Nf3 Be7 9. Nc3 Qd7 10. h3 Qf5 11. O-O-O Qa5 12. e4 O-O-O 13. Rhe1 Rhe8 14. Kb1 Bf8 15. Qd3 Nd7 16. Nd4 Ne5 17. Qd2 Bd7 18. f3 Nc6 19. Nxc6 Bxc6 20. Nd5 Qxd2 21. Rxd2 1/2-1/2

[Event "4NCL Online Division 3"]
[Site "online"]
[Date "2021.03.23"]
[EventDate "2021.03.23"]
[Round "5.92"]
[White "Hunt, Peter"]
[WhiteElo "2015"]
[WhiteTeam "MK Phoenix 2"]
[Black "Spiller, Paul"]
[BlackElo "1924"]
[BlackTeam "Clevedon"]
[Result "1/2-1/2"]
[PlyCount "46"]

1. e4 e5 2. Nf3 f5 3. Nxe5 Qf6 4. d4 d6 5. Nc4 fxe4 6. Nc3 Qg6 7. Qe2 Nf6 8. f3 Nc6 9. Nxe4 Nxe4 10. Qxe4+ Qxe4+ 11. fxe4 Nxd4 12. Bd3 Be6 13. Ne3 Be7 14. O-O Kd7 15. Nf5 Bf6 16. c3 Nc6 17. Bf4 Ne5 18. Bxe5 Bxe5 19. Nd4 Rhf8 20. Nxe6 Kxe6 21. Bc4+ Ke7 22. g3 Rxf1+ 23. Rxf1 Rf8 1/2-1/2

[Event "4NCL Online Division 3"]
[Site "online"]
[Date "2021.03.23"]
[EventDate "2021.03.23"]
[Round "5.93"]
[White "Lintern, Jack"]
[WhiteElo "1812"]
[WhiteTeam "Clevedon"]
[Black "Cox, Toby"]
[BlackElo "1995"]
[BlackTeam "MK Phoenix 2"]
[Result "0-1"]
[PlyCount "86"]

1. e4 e6 2. d4 d5 3. exd5 exd5 4. Nf3 Nf6 5. Bd3 Bd6 6. O-O O-O 7. Bg5 Bg4 8. c4 c6 9. Nc3 dxc4 10. Bxc4 Nbd7 11. Bd3 Qc7 12. h3 Bh5 13. Bc2 h6 14. Bxf6 Nxf6 15. Ne4 Nd5 16. Nxd6 Qxd6 17. Qd3 Bg6 18. Qb3 Bxc2 19. Qxc2 Rad8 20. Qb3 Qc7 21. Ne5 Nf4 22. Qe3 Rxd4 23. g3 Ne6 24. Rfe1 Re8 25. f4 Qb6 26. b3 Nc7 27. Kh1 f6 28. Nc4 Rxe3 29. Nxb6 Rxe1+ 30. Rxe1 axb6 31. Re7 Nd5 32. Rxb7 Rd1+ 33. Kg2 Rd2+ 34. Kf3 Rxa2 35. b4 f5 36. Rb8+ Kh7 37. Rc8 Ra3+ 38. Kf2 Nxb4 39. Rb8 Nd5 40. Rc8 c5 41. Rd8 Nf6 42. Rb8 Ne4+ 43. Kg2 Rxg3+ 0-1

[Event "4NCL Online Division 3"]
[Site "online"]
[Date "2021.03.23"]
[EventDate "2021.03.23"]
[Round "5.94"]
[White "Williamson, Kevin J"]
[WhiteElo "1973"]
[WhiteTeam "MK Phoenix 2"]
[Black "Iles, Stuart P"]
[BlackElo "1769"]
[BlackTeam "Clevedon"]
[Result "1-0"]
[PlyCount "55"]

1. d4 d5 2. Nf3 Nc6 3. c4 Bg4 4. cxd5 Bxf3 5. gxf3 Qxd5 6. e3 e5 7. Nc3 Bb4 8. Bd2 Qd7 9. d5 Nce7 10. e4 a6 11. Qb3 c5 12. a3 Ba5 13. Qa4 Qxa4 14. Nxa4 Bxd2+ 15. Kxd2 c4 16. Nb6 Rd8 17. Nxc4 Ng6 18. Rg1 Nf6 19. Rc1 O-O 20. Be2 Nd7 21. Ne3 Rc8 22. Nf5 Kh8 23. Rxc8 Rxc8 24. Nd6 Rf8 25. Nxb7 Rb8 26. Bxa6 Ra8 27. Bb5 Rb8 28. Nd6 1-0

[Event "4NCL Online Division 3"]
[Site "online"]
[Date "2021.03.23"]
[EventDate "2021.03.23"]
[Round "5.101"]
[White "Cheal, Barry A"]
[WhiteElo "2162"]
[WhiteTeam "Hertford 1"]
[Black "Robbings, Andrew MJ"]
[BlackElo "1970"]
[BlackTeam "Wantage A"]
[Result "0-1"]
[PlyCount "112"]

1. d4 d5 2. c4 e6 3. Nc3 f5 4. Bf4 c6 5. Nf3 Bd6 6. e3 Nf6 7. Bd3 Ne4 8. Bxd6 Qxd6 9. c5 Qc7 10. Ne5 O-O 11. f3 Nxc3 12. bxc3 Nd7 13. Nxd7 Bxd7 14. f4 b6 15. cxb6 axb6 16. O-O c5 17. Qe2 c4 18. Bc2 Ra3 19. Qd2 Rfa8 20. Bd1 Qa7 21. Rf2 Qa5 22. g4 Qxc3 23. Qxc3 Rxc3 24. gxf5 exf5 25. Bf3 Bc6 26. Rb1 Ra6 27. Re2 Kf7 28. Kf2 Ke6 29. Reb2 b5 30. Bd1 Rca3 31. Ra1 c3 32. Re2 b4 33. Kf3 b3 34. Bxb3 Rxb3 35. axb3 Rxa1 36. Rc2 Rb1 37. Rxc3 Kd6 38. Kg3 Rb2 39. h3 Bd7 40. Kh4 h6 41. Kg3 Rb1 42. Kf3 g5 43. fxg5 hxg5 44. Kg3 g4 45. hxg4 fxg4 46. Rc2 Rxb3 47. Kf4 Rb8 48. Kg3 Rf8 49. Rc3 Rf3+ 50. Kg2 Bf5 51. Ra3 Be4 52. Kg1 Kc6 53. Rb3 g3 54. Rc3+ Kb5 55. Rc8 Rxe3 56. Rc1 Kb4 0-1

[Event "4NCL Online Division 3"]
[Site "online"]
[Date "2021.03.23"]
[EventDate "2021.03.23"]
[Round "5.102"]
[White "Carter, John P"]
[WhiteElo "1886"]
[WhiteTeam "Wantage A"]
[Black "Byway, Paul V"]
[BlackTitle "FM"]
[BlackElo "2017"]
[BlackTeam "Hertford 1"]
[Result "1/2-1/2"]
[PlyCount "93"]

1. d4 Nf6 2. c4 e6 3. Nf3 d5 4. Nc3 Be7 5. Bg5 O-O 6. e3 h6 7. Bh4 b6 8. Rc1 Bb7 9. cxd5 Nxd5 10. Bxe7 Qxe7 11. Be2 Rc8 12. O-O Nd7 13. Na4 c5 14. dxc5 Nxc5 15. Nxc5 Rxc5 16. Rxc5 Qxc5 17. Qd4 Rc8 18. Qxc5 Rxc5 19. Rd1 Kf8 20. Rd4 Ke7 21. Rc4 Rxc4 22. Bxc4 Kd6 23. Kf1 Kc5 24. Nd2 Nf6 25. h3 Bd5 26. Bxd5 Nxd5 27. Ne4+ Kc6 28. Nd2 Nb4 29. a3 Nd3 30. b3 b5 31. Ke2 Nc5 32. b4 Na4 33. Kd3 Kd6 34. Ne4+ Kd5 35. Nc3+ Nxc3 36. Kxc3 e5 37. Kd3 e4+ 38. Kc3 f5 39. g3 g5 40. Kb3 Ke5 41. a4 a6 42. axb5 axb5 43. Kc3 h5 44. Kb3 f4 45. g4 hxg4 46. hxg4 fxe3 47. fxe3 1/2-1/2

[Event "4NCL Online Division 3"]
[Site "online"]
[Date "2021.03.23"]
[EventDate "2021.03.23"]
[Round "5.103"]
[White "Capes, Ian"]
[WhiteElo "1915"]
[WhiteTeam "Hertford 1"]
[Black "Morris, Stephen A"]
[BlackElo "1840"]
[BlackTeam "Wantage A"]
[Result "1-0"]
[PlyCount "105"]

1. d4 Nf6 2. Nf3 e6 3. Bf4 d5 4. e3 Be7 5. Nbd2 b6 6. Ne5 O-O 7. Bd3 c5 8. c3 Bb7 9. h4 Nbd7 10. Qf3 Ne4 11. Nxe4 dxe4 12. Bxe4 Bxe4 13. Qxe4 f5 14. Qc6 Nxe5 15. Bxe5 Qd5 16. Qxd5 exd5 17. dxc5 bxc5 18. O-O-O Rad8 19. Rd2 Rd7 20. g3 g5 21. hxg5 Bxg5 22. Rhd1 Rfd8 23. f4 Be7 24. c4 d4 25. exd4 cxd4 26. Rxd4 Rxd4 27. Rxd4 Rc8 28. b3 Kf7 29. Kd2 Ke6 30. Ke2 Rc6 31. Kf3 Ra6 32. Rd2 Bb4 33. Rh2 Ra3 34. g4 fxg4+ 35. Kxg4 h5+ 36. Kxh5 Kf5 37. Rc2 Bc5 38. Kh4 Ra6 39. Kg3 Rg6+ 40. Kf3 Rh6 41. Rg2 Rh3+ 42. Ke2 Ke4 43. Kd2 Bb4+ 44. Kc2 Bc5 45. Kb2 a5 46. a3 Rf3 47. Bc3 Bb6 48. Re2+ Kxf4 49. b4 axb4 50. axb4 Be3 51. Kb3 Rf1 52. c5 Kf3 53. Rc2 1-0

[Event "4NCL Online Division 3"]
[Site "online"]
[Date "2021.03.23"]
[EventDate "2021.03.23"]
[Round "5.104"]
[White "Litwiniec, Miroslawa"]
[WhiteElo "1826"]
[WhiteTeam "Wantage A"]
[Black "Morris, Simon P"]
[BlackElo "1916"]
[BlackTeam "Hertford 1"]
[Result "0-1"]
[PlyCount "98"]

1. e4 e5 2. Nf3 Nf6 3. Nc3 Nc6 4. Bb5 Bd6 5. O-O O-O 6. d3 h6 7. Ne2 a6 8. Ba4 b5 9. Bb3 Bc5 10. Ng3 d5 11. Qe2 Re8 12. a4 b4 13. a5 Nd4 14. Nxd4 Bxd4 15. h3 Qd6 16. Qf3 c6 17. Nf5 Bxf5 18. Qxf5 Re6 19. c4 Rd8 20. cxd5 cxd5 21. exd5 Nxd5 22. Qf3 Rf6 23. Qe4 Nf4 24. Bc4 Qd7 25. Bxf4 exf4 26. Kh2 f3 27. g3 Bxb2 28. Ra2 Bc3 29. Rc2 Re8 30. Qd5 Qxd5 31. Bxd5 Re2 32. Ra2 Rd6 33. Bc4 Rxa2 34. Bxa2 Rxd3 35. Bc4 Rd6 36. Rc1 Kf8 37. Kg1 Ke7 38. Kf1 f6 39. Rb1 Kd7 40. Bb3 Kc6 41. Bd1 Kb5 42. Bxf3 Kxa5 43. Ke2 Kb5 44. Be4 a5 45. Bd3+ Kc5 46. Rc1 a4 47. Bc2 a3 48. Bb3 Rd2+ 49. Kf3 a2 0-1

[Event "4NCL Online Division 3"]
[Site "online"]
[Date "2021.03.23"]
[EventDate "2021.03.23"]
[Round "5.111"]
[White "Banerjee, Sanjoy K"]
[WhiteElo "1701"]
[WhiteTeam "Atticus B"]
[Black "Murphy, Sean J."]
[BlackElo "1995"]
[BlackTeam "Cork"]
[Result "0-1"]
[PlyCount "80"]

1. d4 Nf6 2. c4 g6 3. Nc3 d5 4. Nf3 Bg7 5. Qb3 dxc4 6. Qxc4 Be6 7. Qb5+ Bd7 8. Qb3 O-O 9. e4 c5 10. d5 e6 11. Qxb7 exd5 12. Qxa8 dxe4 13. Ne5 Qb6 14. Nxd7 Nbxd7 15. Nd5 Rxa8 16. Nxb6 axb6 17. a4 Nd5 18. Bb5 Ne5 19. O-O Nb4 20. Bd2 Ned3 21. Bxb4 Nxb4 22. Rab1 Bd4 23. b3 Kg7 24. g3 Rd8 25. Kg2 f5 26. h4 Kf6 27. Bc4 Nd3 28. Rfd1 Bc3 29. f3 Ke5 30. fxe4 fxe4 31. Rf1 Rd7 32. Rf8 Kd4 33. Re8 Bd2 34. Rf8 e3 35. Kf1 Kc3 36. Ke2 Nc1+ 37. Kd1 e2+ 38. Bxe2 Bh6+ 39. Ke1 Nxe2 40. Rc1+ Nxc1 0-1

[Event "4NCL Online Division 3"]
[Site "online"]
[Date "2021.03.23"]
[EventDate "2021.03.23"]
[Round "5.112"]
[White "Lawrence, Simon"]
[WhiteElo "1779"]
[WhiteTeam "Cork"]
[Black "Blasczyk, Martin"]
[BlackElo "1711"]
[BlackTeam "Atticus B"]
[Result "1-0"]
[PlyCount "61"]

1. d4 Nf6 2. c4 e6 3. Nf3 c5 4. d5 exd5 5. cxd5 d6 6. Nc3 g6 7. h3 Bg7 8. Bf4 O-O 9. e3 a6 10. a4 Re8 11. Be2 Ne4 12. Nxe4 Rxe4 13. Nd2 Rb4 14. O-O Nd7 15. Bxd6 Nb6 16. Bxc5 Rxb2 17. Bxb6 Rxb6 18. Nc4 Bxa1 19. Nxb6 Qxb6 20. Qxa1 Qb3 21. Qd4 Bd7 22. Bd1 Qa3 23. e4 b5 24. axb5 axb5 25. e5 b4 26. Bf3 b3 27. e6 Bb5 28. exf7+ Kxf7 29. d6 Bxf1 30. Bd5+ Ke8 31. Qe5+ 1-0

[Event "4NCL Online Division 3"]
[Site "online"]
[Date "2021.03.23"]
[EventDate "2021.03.23"]
[Round "5.113"]
[White "Wiseman, Jim K"]
[WhiteElo "1618"]
[WhiteTeam "Atticus B"]
[Black "Foran, Barry"]
[BlackElo "1599"]
[BlackTeam "Cork"]
[Result "1-0"]
[PlyCount "159"]

1. e4 c6 2. d4 d5 3. e5 c5 4. c3 Nc6 5. Be3 cxd4 6. cxd4 Nh6 7. f4 Nf5 8. Bf2 Qa5+ 9. Nc3 e6 10. a3 Be7 11. b4 Qb6 12. Nf3 Bd7 13. Be2 O-O 14. O-O f6 15. b5 Na5 16. Na4 Qd8 17. Nc5 b6 18. Nxd7 Qxd7 19. a4 Rac8 20. Qb1 Rc7 21. Bd3 g6 22. g4 Ng7 23. Nh4 f5 24. gxf5 exf5 25. Kh1 Nc4 26. Qa2 Rfc8 27. Nf3 Na5 28. Be3 Rc3 29. Ne1 Ra3 30. Qb2 Rb3 31. Qf2 Rcc3 32. Bd2 Rxd3 33. Nxd3 Rxd3 34. Bxa5 bxa5 35. Qc2 Rxd4 36. Qc3 Rb4 37. Qc6 Qxc6 38. bxc6 Rc4 39. Rac1 Ne6 40. Rxc4 dxc4 41. Rc1 Kf8 42. Rxc4 Bd8 43. Rc1 Bb6 44. Rd1 Ke8 45. Rd7 h6 46. Rh7 Kd8 47. Rxh6 Nxf4 48. Rh8+ Kc7 49. h4 Kxc6 50. Rc8+ Kd5 51. Re8 Bf2 52. h5 gxh5 53. Kh2 h4 54. Re7 Ne6 55. Kg2 Bd4 56. Kh3 Bxe5 57. Rxa7 Bc3 58. Kxh4 f4 59. Kg4 Ke4 60. Re7 Ke5 61. Kf3 Kf6 62. Re8 Kf5 63. Rc8 Nd4+ 64. Kf2 Bb4 65. Rd8 Ke4 66. Re8+ Kd3 67. Rd8 f3 68. Rd5 Ke4 69. Rh5 Bc3 70. Rh4+ Kd3 71. Rf4 Kc4 72. Ke3 Kb3 73. Kd3 Kxa4 74. Kxc3 Ka3 75. Rxd4 f2 76. Rf4 a4 77. Kc2 Ka2 78. Rxf2 a3 79. Kc3+ Ka1 80. Kb3 1-0

[Event "4NCL Online Division 3"]
[Site "online"]
[Date "2021.03.23"]
[EventDate "2021.03.23"]
[Round "5.114"]
[White "Bradley, Michael"]
[WhiteElo "1423"]
[WhiteTeam "Cork"]
[Black "Lawton, John"]
[BlackElo "1480"]
[BlackTeam "Atticus B"]
[Result "1/2-1/2"]
[PlyCount "50"]

1. e4 d5 2. exd5 Qxd5 3. Nf3 Nf6 4. d4 Bg4 5. Be2 Nc6 6. c4 Qd7 7. d5 Bxf3 8. Bxf3 Ne5 9. Be2 e6 10. Nc3 exd5 11. cxd5 Bd6 12. Bb5 c6 13. dxc6 Nxc6 14. O-O O-O 15. Re1 Rfe8 16. Be3 Ng4 17. h3 Nxe3 18. fxe3 Qc7 19. Rc1 Rad8 20. Qg4 Ne5 21. Qe2 Nc6 22. Qf1 Bc5 23. Nd1 Qb6 24. Bc4 Ne5 25. Bb3 Re7 1/2-1/2

[Event "4NCL Online Division 3"]
[Site "online"]
[Date "2021.03.23"]
[EventDate "2021.03.23"]
[Round "5.121"]
[White "Deary, Daniel"]
[WhiteElo "1868"]
[WhiteTeam "Alba Bon Accord 2"]
[Black "Shepherd, Tom"]
[BlackElo "2018"]
[BlackTeam "MCS Oxford A"]
[Result "0-1"]
[PlyCount "98"]

1. d4 d5 2. Nf3 Nf6 3. g3 e6 4. Bg2 b5 5. O-O Bb7 6. a4 b4 7. c4 bxc3 8. Nxc3 Be7 9. Bf4 a6 10. Qb3 Qc8 11. Rfc1 Nbd7 12. a5 c5 13. dxc5 Nxc5 14. Qc2 O-O 15. b4 Nce4 16. Nxe4 Nxe4 17. Qb3 Qd8 18. Rc7 Rb8 19. Rxe7 Qxe7 20. Bxb8 Rxb8 21. b5 Qc5 22. bxa6 Qxf2+ 23. Kh1 Qa7 24. Qb6 Qxa6 25. Rb1 Qxb6 26. Rxb6 Nc5 27. Nd4 Ra8 28. Rb5 Rc8 29. Bf3 Ba6 30. Rb6 Bc4 31. Nc6 Kf8 32. Nb8 Ke7 33. a6 Rxb8 34. Rxb8 Bxa6 35. Rb6 Bc4 36. Kg2 Kf6 37. Rc6 Nd7 38. Rc7 Ne5 39. h4 g6 40. Kf2 h5 41. Ke3 Nxf3 42. exf3 Ba2 43. g4 hxg4 44. fxg4 g5 45. h5 Bb1 46. Rc1 Be4 47. Rf1+ Kg7 48. Kd4 f5 49. Ke5 fxg4 0-1

[Event "4NCL Online Division 3"]
[Site "online"]
[Date "2021.03.23"]
[EventDate "2021.03.23"]
[Round "5.122"]
[White "Selvaraj, Hari"]
[WhiteElo "1934"]
[WhiteTeam "MCS Oxford A"]
[Black "Mitchell, Jeremy J"]
[BlackElo "1869"]
[BlackTeam "Alba Bon Accord 2"]
[Result "1/2-1/2"]
[PlyCount "132"]

1. d4 d5 2. c4 c6 3. Nf3 Nf6 4. Bf4 Qb6 5. Qc2 g6 6. Nc3 Bf5 7. Qd2 Bg7 8. e3 O-O 9. Be2 Nbd7 10. O-O Ne4 11. Nxe4 Bxe4 12. Nh4 dxc4 13. Rac1 Bd5 14. Bxc4 Nf6 15. Bxd5 Nxd5 16. Bg3 Rad8 17. Nf3 Nf6 18. Qc2 Qa5 19. b3 Qd5 20. h3 Ne4 21. Bf4 h6 22. Ne5 Ng5 23. Rfd1 Qe4 24. Qc4 Ne6 25. Bg3 Bxe5 26. Bxe5 Rd5 27. Qb4 Rd7 28. Rd2 Rfd8 29. Rc4 Ng7 30. Qc3 Nf5 31. Rd1 Nh4 32. f3 Qxe5 33. dxe5 Rxd1+ 34. Kh2 R8d2 35. Rxh4 Rxa2 36. e6 f6 37. Rg4 Kg7 38. f4 h5 39. Rg3 Raa1 40. Rxg6+ Kxg6 41. Qc2+ Kg7 42. Qf2 Rh1+ 43. Kg3 Rhf1 44. Qe2 Rae1 45. Qd3 Rd1 46. Qe4 Rfe1 47. Kh4 Rd5 48. f5 Rf1 49. g4 Re5 50. Qb4 Kf8 51. Qxb7 hxg4 52. Qc8+ Kg7 53. Qe8 Rfxf5 54. Qxe7+ Kh6 55. hxg4 Rf1 56. Qf8+ Kh7 57. Qf7+ Kh6 58. e7 Rh1+ 59. Kg3 Rxe3+ 60. Kg2 Rhe1 61. Qxf6+ Kh7 62. Qf5+ Kh8 63. Qf6+ Kh7 64. Qxc6 R1e2+ 65. Kf1 Re1+ 66. Kf2 R1e2+ 1/2-1/2

[Event "4NCL Online Division 3"]
[Site "online"]
[Date "2021.03.23"]
[EventDate "2021.03.23"]
[Round "5.123"]
[White "Gordon, Frederick"]
[WhiteElo "1667"]
[WhiteTeam "Alba Bon Accord 2"]
[Black "Zhu, Hou Ning"]
[BlackElo "1830"]
[BlackTeam "MCS Oxford A"]
[Result "0-1"]
[PlyCount "76"]

1. e4 c5 2. Nf3 g6 3. c3 d5 4. exd5 Qxd5 5. d4 Bg7 6. Na3 cxd4 7. Nb5 Na6 8. Nbxd4 Nc7 9. Bf4 Ne6 10. Nxe6 Qxe6+ 11. Be2 Nf6 12. O-O O-O 13. Nd4 Qb6 14. Qb3 Qxb3 15. Nxb3 Be6 16. Rfd1 Rfd8 17. Bc7 Rd7 18. Rxd7 Nxd7 19. Bf3 Rc8 20. Bg3 b6 21. Nd4 Bxd4 22. cxd4 Rc2 23. d5 Bf5 24. Bh4 f6 25. g4 Bd3 26. Bg3 Rxb2 27. d6 exd6 28. Bd5+ Kg7 29. Re1 Ne5 30. f4 Nxg4 31. Re7+ Kf8 32. Rxh7 Rb1+ 33. Kg2 Ne3+ 34. Kf2 Nxd5 35. f5 Rf1+ 36. Kg2 Ne3+ 37. Kh3 Bxf5+ 38. Kh4 Ng2# 0-1